000 00285nam a22001217a 4500
008 180125b xxu||||| |||| 00| 0 eng d
041 _aeng
080 _a159.9 JEF
100 _a49
101 _aPSI
245 _aLiving and working with schizophrenia
_cJeffries,J,J
942 _2udc
_cBK
999 _c40895
_d40895